000 00665nam a2200265Ia 4500
003 OSt
005 20221007102604.0
006 a|||||r|||| 00| 0
007 ta
008 221006b |||||||| |||| 00| 0 eng d
020 _a1854311174
024 _a10,740
037 _cTextual
040 _aLCO
_cLCO
_beng
041 _2eng
_aeng
082 _aZ2,218, N1
100 _aBall S.
_986852
245 0 _aEnvironmental Law
260 _aLondon
_bBlackstone Press UK
_c1991
300 _a381
650 _aENVIRONMENTAL LAW
700 _a Bell S.
_9704694
942 _hZ2,218, N1
_cTEXL
999 _c1180303
_d1180303